000 00270nam a2200121Ia 4500
005 20251222144824.0
008 251222s9999||||xx |||||||||||||| ||spa||
082 _a421/W19
100 _aWalsh, Jane
245 0 _aReaders Worksheets:
264 _bLongman
942 _cLIB
999 _c20610
_d20610